000 00807nam a2200241Ia 4500
003 OSt
005 20220923212444.0
006 a|||||r|||| 00| 0
007 ta
008 220922b |||||||| |||| 00| 0 hin d
024 _a153,129
037 _cTextual
040 _aARTS
_cARTS
_bhin
041 _2hin
_ahin
082 _aNT2:(Q224), L9
100 _aअवस्थी, इन्दुजा
_9156271
245 0 _aरामलीला परम्परा और शैलियॉं
246 _aRāmalīlā paramparā aur shailiyaॉan
260 _aदिल्ली
_b राधाकृष्ण प्रकाशन
_c1979
300 _a254 पृ.
_ccm.
942 _hNT2:(Q224), L9
_cTEXL
_2CC
999 _c308777
_d308777